Úplné znenie zákona o vzájomnej pomoci pri vymáhaní niektorých finančných pohľadávok
Zákon č. 446/2002 Z.z. v znení zákona č. 223/2004 Z.z. a zákona č. 679/2004 Z.z.
Salvato in:
| Natura: | Capitolo di libro |
|---|---|
| Lingua: | slovacco |
| Soggetti: | |
| Tags: |
Nessun Tag, puoi essere il primo ad aggiungerne!!
|
MARC
| LEADER | 00000naa$a2200000$$$4500 | ||
|---|---|---|---|
| 001 | 0027529 | ||
| 005 | 20231114083227.9 | ||
| 041 | 0 | |a slo | |
| 044 | |a SK | ||
| 245 | 1 | 0 | |a Úplné znenie zákona o vzájomnej pomoci pri vymáhaní niektorých finančných pohľadávok |
| 520 | |a Zákon č. 446/2002 Z.z. v znení zákona č. 223/2004 Z.z. a zákona č. 679/2004 Z.z. | ||
| 610 | 2 | 0 | |a vymáhanie pohľadávok |
| 610 | 2 | 0 | |a postupy pracovné |
| 610 | 2 | 0 | |a informácie |
| 610 | 2 | 0 | |a zákony |
| 610 | 2 | 0 | |a komentáre |
| 610 | 2 | 0 | |a Slovensko |
| 610 | 2 | 0 | |a 2002-2004 |